[Event "GCT Croatia Rapid 2021"]
[White "Nepomniachtchi,Ian"]
[Black "Korobov,Anton"]
[Site "Zagreb"]
[Round "1.1"]
[Annotator "TA"]
[Result "1-0"]
[Date "2021.07.07"]
[WhiteElo "2792"]
[BlackElo "2683"]
[PlyCount "67"]

1. e4 {} e6 2. d4 d5 3. Nc3 Nf6 4. e5 Nfd7 5. f4 c5 6. Nf3 Nc6 7. Be3 Be7 8. Qd2 0-0 9. Bd3 {C11: French: Classical
System: 4 e5 and 4 Bg5 dxe4.} (9. Be2 a6 10. Nd1 b5 11. 0-0 Qb6 12. c3 b4 13. Bf2 Rb8 14. c4 cxd4 15. cxd5 exd5 16. Nxd4 Nxd4 17. Qxd4 Qxd4 18. Bxd4 {
1-0 (32) Nepomniachtchi,I (2789)-Korobov,A (2683) Chess.com INT 2021} )c4 {[#]} 10. Bf1 $146 ({Predecessor:} 10. Be2 b5 11. 0-0 b4 12. Nd1 a5 13. g4 f5 14. gxf5 exf5 15. Bf2 Nb6 16. Ne3 Be6 {1-0 (44) Atabayev,S (2396)-Glek,I (2393)
Moscow 2016} )b5 11. Ne2 {The position is equal.} f5 12. h3 b4 13. c3 Rb8 14. g4 bxc3 15. bxc3 Ba3 16. Bg2 Rb2 17. Qd1 Qa5 $36 { Black fights
for an advantage.} 18. 0-0 Nb6 19. Bd2 Bd7 20. gxf5 Rxf5 21. Ng3 Rf8 22. Ng5 $2 {[#]} ({Better is} 22. f5 $15 )h6 (22... Nxd4 $1 $19 { And now
...h6 would win.} 23. Rb1 (23. Kh1 Nf5 )Rxa2 )23. Nxe6 $17 Bxe6 24. f5 Nxd4 25. fxe6 $11 Rxf1+ 26. Nxf1 Nxe6 27. Qg4 Kf7 28. Kh1 Ke7 {...Rxd2! is the
strong threat.} 29. Be1 Qb5 30. Rd1 d4 31. Ng3 {} d3 32. Nf5+ $1 { Double Attack} Kf7 $2 { [#]} (32... Kf8 $11 )33. Bh4 $1 $18 Rxg2 {[#]} 34. Nxh6+ $1 { Quite a comeback
for White.  Weighted Error Value: White=0.23/Black=0.45} 1-0

[Event "GCT Croatia Rapid 2021"]
[White "Mamedyarov,Shakhriyar"]
[Black "Vachier-Lagrave,Maxime"]
[Site "Zagreb"]
[Round "1.2"]
[Annotator "TA"]
[Result "1-0"]
[Date "2021.07.07"]
[WhiteElo "2782"]
[BlackElo "2749"]
[PlyCount "63"]

1. d4 {} Nf6 2. Nf3 g6 3. Bg5 Bg7 4. Nbd2 0-0 5. e4 d5 6. exd5 Nxd5 7. c3 Nd7 {A48: 1 d4 Nf6 2 Nf3 g6: Torre,
London and Colle Systems.} 8. Bc4 N7b6 9. Bb3 {[#]} Bf5 $146 {White is
slightly better.} ({Predecessor:} 9... a5 10. a4 h6 11. Bh4 f5 12. 0-0 g5 13. Bxg5 hxg5 14. Nxg5 Rf6 15. Qh5 e6 {0-1 (60) Sambuev,B (2528)-Howell,D (2650)
Tromsoe 2014} )10. 0-0 Rc8 11. Re1 h6 12. Bh4 c5 13. dxc5 Rxc5 14. h3 (14. Qe2 $16 )g5 $14 15. Bg3 Nf4 16. Ne4 Rc8 {Black wants to play ...Nd3.} 17. Nd4 Bg6 ({Black should play} 17... Bxd4 18. cxd4 Nbd5 )18. Bxf4 $16 gxf4 19. Qg4 $36 { [#] Strongly threatening Qxg6. White has strong initiative.} Kh7 20. Rad1 {Threatens to win with Ne6!} ({Not} 20. Qxf4 $2 e5 $19 )Bxd4 21. Rxd4 Qc7 22. Qh4 Kg7 23. g3 f3 (23... Rfd8 $16 )24. g4 $18 Rfd8 25. g5 Rh8 26. Ng3 {[#] gxh6+ is the strong threat.} Qc5 27. Nh5+ Kf8 28. Nf4 Qxg5+ 29. Qxg5 hxg5 30. Nxg6+ fxg6 31. Rd3 Rc5 $2 {} ({Don't go for} 31... Rxh3 $2 32. Be6 $18 )(31... Rh4 $16 32. Rxf3+ Rf4 )32. Rd8+ {Weighted Error
Value: White=0.09/Black=0.15} 1-0

[Event "GCT Croatia Rapid 2021"]
[White "Anand,Viswanathan"]
[Black "Van Foreest,Jorden"]
[Site "Zagreb"]
[Round "1.3"]
[Annotator "TA"]
[Result "1-0"]
[Date "2021.07.07"]
[WhiteElo "2753"]
[BlackElo "2688"]
[PlyCount "107"]

1. e4 {} c5 2. Nf3 e6 3. d4 cxd4 4. Nxd4 Nc6 5. Nc3 Qc7 6. g4 {B47:
Sicilian: Taimanov: 5 Nc3 Qc7 6 f4, 6 g3 and 6 Be2.} a6 7. Be3 Nxd4 8. Qxd4 {
The position is equal.} b5 9. 0-0-0 Bb7 10. Kb1 Nf6 {[#]} 11. f3 $146 ({
Predecessor:} 11. g5 Ng4 12. Bf4 e5 13. Nd5 0-0-0 14. f3 exd4 15. Bxc7 Re8 16. Bg3 Bxd5 17. exd5 {1/2-1/2 (73) Nepomniachtchi,I (2792)-Caruana,F (2820)
chess24.com INT 2021} )Rc8 12. g5 Nh5 13. Qd2 $36 { White
fights for an advantage.} Be7 (13... Bb4 $14 )14. Bh3 $16 b4 15. Ne2 d5 16. Bg4 (16. exd5 Bxd5 17. Bg4 g6 $15 )g6 17. Bd4 (17. exd5 Bxd5 18. Rc1 0-0 $15 )0-0 (17... Rg8 $142 )18. e5 $1 Ng7 19. h4 a5 20. h5 $1 Ba6 (20... Nxh5 $2 21. Bxh5 a4 22. Bg4 $18 )21. Ng3 ({White must play} 21. Nc1 $1 $18 )a4 22. f4 b3 23. cxb3 ({White has to play} 23. c3 $1 $16 Nf5 24. hxg6 fxg6 25. Qh2 Bxg5 26. Bxf5 exf5 27. fxg5 bxa2+ 28. Ka1 )axb3 $15 24. axb3 {Qh2 is the
strong threat.} Nf5 ({Black should play} 24... Qb7 $15 25. Rh3 Bb4 )25. Bxf5 ({
Better is} 25. hxg6 $14 Nxg3 26. Qh2 { Double Attack} )gxf5 26. g6 {Black must now prevent Qg2.} fxg6 (26... Qb7 $5 {} 27. Rh3 Qb5 $15 )27. hxg6 hxg6 28. Qh2 {} Kf7 29. Nxf5 $2 {} exf5 $4 {} (29... Rh8 $1 $19 { avoids the
disaster.} 30. Nd6+ Bxd6 31. exd6 Bd3+ $1 {} 32. Rxd3 Rxh2 33. dxc7 Rxh1+ 34. Kc2 Rxc7+ 35. Rc3 Rh2+ 36. Kc1 Rb7 )30. Qh7+ $18 {White leaves
nothing to chance now.} Ke6 31. Qxg6+ Bf6 32. Bc3 (32. exf6 Bd3+ $1 {
} 33. Rxd3 Qc2+ 34. Ka2 Ra8+ 35. Ba7 Rxa7# )Qg7 33. Rh6 {White wants to
mate with Qxg7.} (33. Qh5 Qg2 $1 $17 )Qxg6 34. Rxg6 { Pin} Be2 35. Rd2 { White has strong compensation.} Bf3 36. b4 ({Don't do} 36. Rxf6+ $6 Rxf6 37. exf6 Be4+ 38. Kc1 Rg8 $16 )({Not} 36. exf6 Be4+ 37. Kc1 Rh8 $11 )Rc4 {[#]} 37. Rd4 ({Don't play} 37. exf6 $6 Rxf4 38. Rg7 Rf7 )Rc7 38. Kc1 Rg7 $2 (38... Bh5 39. Rh6 { Pin} Be8 40. exf6 Rff7 )39. Rxf6+ Rxf6 40. exf6 { Endgame KRB-KRB} Rb7 41. Kd2 Be4 42. Ke3 Rh7 $2 (42... Bc2 {was called for.} 43. Rd2 Be4 )43. b5 Rh3+ 44. Kd2 Rh2+ 45. Kc1 Rh1+ {[#]} 46. Rd1 $1 { Strongly threatening Rxh1.} Rh2 47. Rg1 d4 48. Bxd4 Rc2+ 49. Kd1 Rc4 50. Be5 Rc5 51. Rg7 Rd5+ 52. Ke1 {} Rd8 53. Re7+ Kd5 54. f7 {Weighted Error Value: White=0.21/Black=0.40} 1-0

[Event "GCT Croatia Rapid 2021"]
[White "Grischuk,Alexander"]
[Black "Giri,Anish"]
[Site "Zagreb"]
[Round "1.4"]
[Annotator "TA"]
[Result "1/2-1/2"]
[Date "2021.07.07"]
[WhiteElo "2778"]
[BlackElo "2776"]
[PlyCount "61"]

1. e4 {} e5 2. Nf3 Nc6 3. Bb5 a6 4. Ba4 Nf6 5. 0-0 b5 6. Bb3 Bc5 7. a4 Rb8 8. c3 d6 9. d4 Bb6 10. a5 $1 {
is recently more successful than 10.axb5. C78: Ruy Lopez: Archangelsk and
Möller Defences.} Ba7 ({Don't go for} 10... Bxa5 $2 11. dxe5 (11. d5 Ne7 $18 )dxe5 12. Qxd8+ Kxd8 13. Bd5 $18 (13. Bxf7 Bb6 $16 ))11. h3 Bb7 12. Be3 {
With the idea d5.} Nxe4 13. d5 Bxe3 14. dxc6 Nxf2 $1 15. Qe2 Nxh3+ 16. Kh1 Nf2+ 17. Rxf2 Bxf2 18. cxb7 Ba7 19. Bd5 Qd7 {[#]} 20. Nd4 $146 {Strongly
threatening Bc6.} ({Predecessor:} 20. Qe4 Kf8 21. Ng5 Qe7 22. Nxf7 c6 23. Nxh8 Qf6 24. Ng6+ hxg6 25. Nd2 Ke7 26. Nf3 cxd5 27. Qg4 Rh8+ 28. Nh2 Qf4 29. Qxf4 exf4 30. Rf1 g5 31. Rf3 g4 {0-1 (31) Vachier Lagrave,M (2760)-Aronian,L (2781)
Paris 2021} )Qe7 21. Bc6+ Kf8 22. Nf3 d5 {And now ...e4 would win.} 23. Qxe5 Qxe5 24. Nxe5 Ke7 {[#] White must now prevent ...Kd6.} 25. Bxb5 $1 {
The position is equal.} axb5 26. a6 {Nc6+ is the strong threat.} Kd6 {} 27. Nxf7+ { Double Attack} Kc6 {Threatens to win with ...Rhf8.
} 28. Ne5+ Kd6 29. Nf7+ { [#] Double Attack} Kc6 {Hoping for ...Rhf8.} 30. Ne5+ Kd6 31. Nf7+ { Double Attack.  Weighted Error Value: White=0.
06/Black=0.00} 1/2-1/2

[Event "GCT Croatia Rapid 2021"]
[White "Duda,Jan-Krzysztof"]
[Black "Saric,Ivan"]
[Site "Zagreb"]
[Round "1.5"]
[Annotator "TA"]
[Result "1/2-1/2"]
[Date "2021.07.07"]
[WhiteElo "2738"]
[BlackElo "2653"]
[PlyCount "94"]

1. d4 {} Nf6 2. Bg5 c5 3. Bxf6 gxf6 4. d5 f5 5. c4 Bg7 6. Nc3 {A45:
Trompowsky Attack.} Bxc3+ 7. bxc3 e5 {[#]} 8. g3 $146 {White has an edge.} ({
Predecessor:} 8. e3 d6 9. Qc2 Qf6 10. f4 Nd7 11. g3 h5 12. Nf3 b5 13. cxb5 Bb7 14. Rd1 {1/2-1/2 (31) Doric,D (2467)-Ghersinich,E (2193) Hum na Sutli 2019} )d6 9. Nf3 e4 10. Nh4 Qf6 11. Bh3 Qxc3+ 12. Kf1 Qf6 13. Rc1 {
White has compensation.} Kd8 14. Qd2 Re8 15. Qf4 {} Re5 16. Ng2 h6 17. f3 exf3 18. exf3 Na6 19. Kf2 Nb4 20. Qd2 {[#] And now a3 would win.} Re7 (20... Re4 $1 $15 21. fxe4 (21. Rhd1 Rd4 )fxe4+ 22. Nf4 Bxh3 )21. Rhd1 $11 Bd7 22. a3 Na6 23. f4 b6 24. Qc3 Qxc3 25. Rxc3 b5 ({Black should try} 25... Nc7 $11 )26. cxb5 $14 Nc7 27. a4 Rb8 28. Nh4 (28. Ne3 $14 )a6 $1 $11 29. Bxf5 axb5 30. axb5 Rxb5 31. Rd2 h5 32. Bxd7 Kxd7 33. Nf5 Re4 34. Ng7 h4 35. Kf3 (35. Nf5 $11 )Rd4 (35... Ra4 $15 36. Nf5 hxg3 37. hxg3 c4 )36. Rxd4 {The
position is equal.} cxd4 { Endgame KRN-KRN} 37. Rd3 hxg3 38. Kxg3 Rxd5 39. Kg4 Ne8 40. Nxe8 Kxe8 {KR-KR} 41. f5 Kf8 42. Kf4 Kg7 43. Kg5 f6+ 44. Kf4 Kf7 45. Ke4 Re5+ 46. Kf4 Rd5 47. Ke4 Re5+ {Weighted Error Value: White=0.
11/Black=0.12} 1/2-1/2

[Event "GCT Croatia Rapid 2021"]
[White "Korobov,Anton"]
[Black "Saric,Ivan"]
[Site "Zagreb"]
[Round "2.1"]
[Annotator "TA"]
[Result "1-0"]
[Date "2021.07.07"]
[WhiteElo "2683"]
[BlackElo "2653"]
[PlyCount "93"]

1. e4 {} c5 2. Nf3 e6 3. Nc3 Nc6 4. Bb5 Nge7 5. 0-0 a6 6. Bxc6 Nxc6 7. d4 cxd4 8. Nxd4 d6 9. Nxc6 bxc6 10. Qg4 h5 11. Qe2 {B30: Sicilian: 2...Nc6 3 Bb5, lines without ...g6.} h4 12. h3 Be7 13. Rd1 {[#] White is slightly better.} e5 $146 ({Predecessor:} 13... Qc7 14. b3 e5 15. Na4 0-0 16. c4 f5 17. c5 dxc5 18. Qc4+ Kh8 19. exf5 Bxf5 {1/2-1/2 (35)
Harutjunyan,G (2464)-Aghasaryan,R (2337) Kajaran 2011} )14. Qc4 (14. Na4 $14 )Qb6 15. Na4 Qb7 16. Qb3 Rb8 17. Be3 f5 18. exf5 Bxf5 19. Rac1 Qb5 (19... Qc8 $5 {} 20. Qc3 0-0 $15 )20. Qa3 Qb4 21. Qxb4 Rxb4 22. b3 Kf7 23. c4 Ke6 24. f4 (24. Re1 {looks sharper.} Rbb8 25. Rcd1 Rhe8 26. Re2 g5 27. f3 )Rhb8 (24... e4 {is interesting.} 25. Nc3 Rbb8 26. Ba7 Rbc8 27. Rd2 Rhd8 )25. fxe5 Rxa4 $1 26. exd6 Rxa2 {And now ...Bf6 would win.} 27. dxe7 Kxe7 28. Rc3 Kf7 29. Bf2 Be4 (29... Rb2 $11 )30. Re3 $16 Bc2 (30... Bf5 $16 {was
necessary.} )31. Rd7+ $18 Kg6 32. Ree7 Rg8 33. Rd6+ (33. Bxh4 $6 Bxb3 34. Rd6+ Kh7 )Kh7 34. Be3 (34. Rxc6 $18 a5 35. Be3 )Rb8 (34... Bg6 $16 {
keeps fighting.} )35. Bd4 ({Resist} 35. Rxc6 $6 Rxb3 36. Rcc7 Rb1+ 37. Kh2 Raa1 $16 )Rg8 36. b4 Ba4 $2 (36... Ra4 37. Re5 (37. Rxc6 Rxb4 38. Bc3 Rb3 $16 )Rf8 )37. Rdd7 $2 (37. Re4 $18 {} Rf8 38. Rd7 )Rd2 {[#]} (37... c5 $16 38. Rxg7+ Rxg7 39. Rxg7+ Kh6 40. bxc5 Bc6 )38. Rxg7+ ({White
must play} 38. Re4 $1 $18 )Rxg7 $16 39. Rxg7+ $18 { Endgame
KRB-KRB} Kh6 {[#] Hoping for ...Rd1+.} 40. Rg4 $1 {Threatens to win with Be3+.} Rd1+ (40... Kh5 $16 41. Be3 Re2 )41. Kf2 Kh5 42. Be3 {Black must now prevent
Rg5+.} Bb3 $2 (42... Bc2 43. Rg5+ Kh6 )43. b5 axb5 44. cxb5 Rd5 45. b6 Rb5 {[#]
} 46. Rg5+ $1 { Promotion} Rxg5 47. Bxg5 {Weighted Error Value:
White=0.35/Black=0.50} 1-0

[Event "GCT Croatia Rapid 2021"]
[White "Giri,Anish"]
[Black "Duda,Jan-Krzysztof"]
[Site "Zagreb"]
[Round "2.2"]
[Annotator "TA"]
[Result "1/2-1/2"]
[Date "2021.07.07"]
[WhiteElo "2776"]
[BlackElo "2738"]
[PlyCount "79"]

1. e4 {} c5 2. Nf3 d6 3. Bb5+ Bd7 4. Bxd7+ Nxd7 5. 0-0 Ngf6 6. Qe2 Rc8 7. c3 {B52: Sicilian: Moscow
Variation with 3...Bd7.} e6 8. d4 cxd4 9. cxd4 d5 10. e5 Ne4 11. Be3 Be7 12. Ne1 {Black must now prevent f3.} h6 13. f3 Ng5 14. Nd3 0-0 15. Nc3 {} Rc6 {[#]} 16. Rac1 $146 ({Predecessor:} 16. Rad1 f6 17. exf6 Bxf6 18. Bf2 Re8 19. Rfe1 Rc8 20. f4 Nf7 21. Qf3 Nd6 22. g4 {
1-0 (35) Rueberg,J (2222)-Ottens,S (2234) Germany 2009} )f5 17. Nf4 Re8 18. Qd3 Nf8 19. Na4 Rxc1 20. Rxc1 Qa5 21. b3 Rb8 22. Bd2 Qd8 23. Nc5 b6 24. Na6 Rc8 25. Rc2 Nf7 26. Ne2 Qd7 {[#] And now ...Rxc2 would win.} 27. Bb4 Ng6 {
} 28. a4 Nd8 29. Rxc8 Qxc8 30. Bxe7 Nxe7 {
The position is equal.} 31. Nb4 Kf7 32. Kf2 Ndc6 33. Nc2 Na5 34. Ke1 Nec6 35. g3 Qf8 36. Qc3 Qb8 37. Na3 Qf8 38. Nc2 Qb8 39. Na3 Qf8 40. Nc2 {Weighted Error
Value: White=0.06/Black=0.05} 1/2-1/2

[Event "GCT Croatia Rapid 2021"]
[White "Van Foreest,Jorden"]
[Black "Grischuk,Alexander"]
[Site "Zagreb"]
[Round "2.3"]
[Annotator "TA"]
[Result "1/2-1/2"]
[Date "2021.07.07"]
[WhiteElo "2688"]
[BlackElo "2778"]
[PlyCount "55"]

1. e4 {} e5 2. Nf3 Nc6 3. Bc4 Bc5 4. c3 Nf6 5. d4 exd4 6. e5 d5 7. Bb5 Ne4 8. cxd4 Bb6 9. Nc3 0-0 10. Be3 {C54: Giuoco Piano: 4 c3 Nf6, main lines with 5 d4 and 5 d3.} Bg4 11. h3 Bh5 12. Rc1 Ne7 13. g4 Bg6 14. h4 {[#]} f5 $146 ({Predecessor:} 14... f6 15. h5 Nxc3 16. bxc3 Be4 17. exf6 Rxf6 18. Rh3 Bxf3 19. Rxf3 Nc8 20. Kf1 Nd6 {
1-0 (45) Van Foreest,J (2598)-Franklin,S (2344) Karlsruhe 2019} )15. exf6 Nxf6 16. Ne5 c6 {[#]} (16... Be4 $11 17. Rh3 (17. Nxe4 Nxe4 18. Nd7 Ba5+ 19. Ke2 Bd2 $11 )c6 )17. Be2 (17. h5 $1 $14 Bf7 (17... Be4 18. Nxe4 )18. Bd3 )Nd7 $11 18. Nxd7 Qxd7 19. h5 Bf7 20. Na4 Nc8 21. h6 g6 $1 22. Nc5 Qe7 23. Qd2 Nd6 24. Bg5 Qc7 25. Bf4 Qe7 26. Bg5 $1 {} Qc7 27. Bf4 Qe7 28. Bg5 $1 { Weighted Error Value: White=0.08/Black=0.11} 1/2-1/2

[Event "GCT Croatia Rapid 2021"]
[White "Vachier-Lagrave,Maxime"]
[Black "Anand,Viswanathan"]
[Site "Zagreb"]
[Round "2.4"]
[Annotator "TA"]
[Result "1-0"]
[Date "2021.07.07"]
[WhiteElo "2749"]
[BlackElo "2753"]
[PlyCount "95"]

1. e4 {} c6 2. d4 d5 3. e5 Bf5 4. Nf3 e6 5. Be2 c5 6. Be3 Qb6 7. Nc3 Nc6 8. 0-0 {Threatens to win with dxc5. B12: Caro-Kann: Advance Variation.} Qxb2 9. Qe1 {9.Qe1 is better than 9.Nb5.} (9. Nb5 $14 )cxd4 (9... Bxc2 $6 10. dxc5 Bg6 11. a3 $16 )10. Bxd4 {The position is equal.} Nxd4 (10... Qxc2 $2 11. Rc1 $18 )(10... Bxc2 $2 11. Nb5 $18 )11. Nxd4 Bb4 {[#]} 12. Rb1 $1 Bxc3 (12... Qxc3 13. Rxb4 )13. Rxb2 Bxe1 14. Rxe1 b6 $1 15. h4 h5 16. Nxf5 exf5 17. c4 d4 18. Rd1 $36 { White has some pressure.} Rd8 {[#]} 19. c5 $146 ({Predecessor:} 19. Rbd2 Ne7 20. f4 Nc6 21. Bf3 Kd7 22. a4 Rc8 23. Kf2 g6 24. Bxc6+ Kxc6 25. Rxd4 {1-0 (57) Shirov,A (2662)-Najer,E (2648) Tornelo INT 2021} )bxc5 20. Rb7 Ne7 (20... Rh6 $11 )21. Rxa7 $14 Ng6 22. Bb5+ Kf8 23. f4 Rh6 (23... Nxh4 $2 24. Bc4 $18 )(23... Nxf4 $11 24. Rf1 d3 $1 25. Rxf4 d2 )24. Bc4 $16 Ne7 {[#]} ({Wrong is} 24... Nxh4 $2 25. g3 $18 )25. Rb1 {
Strongly threatening Rbb7.} d3 {[#]} 26. Bxd3 { Hoping for Bc4.} Nc6 27. Ra3 Re6 28. Rc1 Nd4 29. Rxc5 Re7 30. Rac3 Red7 {Threatening ...Ne6.} 31. Rc8 Nf3+ 32. Kf2 (32. gxf3 $6 Rxd3 33. Kf2 Ke7 $16 )Rxd3 33. Rxd8+ {
 Overworked Piece} ({Don't do} 33. gxf3 $6 Rxc3 34. Rxd8+ (34. Rxc3 Rd2+ 35. Kg3 Rxa2 $11 )Ke7 $16 )Rxd8 34. Kxf3 $18 {
Endgame KR-KR} Rd2 35. a3 Ke7 36. g3 Ke6 $2 {[#] This move loses the game for
Black.} (36... Rd4 $16 37. Ke3 Ra4 )37. Ke3 $1 {} Rd1 (37... Rb2 {
was worth a try.} 38. Kd4 Rb8 )38. Rd3 Ra1 39. Kd4 Kd7 40. Kc5+ Kc7 41. Rc3 Rd1 $2 (41... Kd7 42. Kb4 Rb1+ 43. Rb3 Rd1 )42. a4 { White is clearly winning.} Rd2 43. a5 Ra2 44. Kb4+ Kb7 45. Ra3 Rc2 46. a6+ Ka7 47. Kb5 Rc1 48. Rd3 {Weighted Error Value: White=0.05/Black=0.25} 1-0

[Event "GCT Croatia Rapid 2021"]
[White "Nepomniachtchi,Ian"]
[Black "Mamedyarov,Shakhriyar"]
[Site "Zagreb"]
[Round "2.5"]
[Annotator "TA"]
[Result "1-0"]
[Date "2021.07.07"]
[WhiteElo "2792"]
[BlackElo "2782"]
[PlyCount "99"]

1. c4 {} Nf6 2. g3 g6 3. Bg2 Bg7 4. Nc3 0-0 5. d4 d6 6. e4 e5 7. Nge2 exd4 8. Nxd4 Re8 9. 0-0 Nbd7 10. h3 a6 11. Re1 Rb8 12. Be3 Ne5 13. b3 c5 14. Nde2 b5 {E68: King's
Indian: Fianchetto: 6...Nbd7 7 0-0 e5 8 e4.} 15. f4 $1 {} Ned7 16. Qxd6 b4 {[#]White is slightly better.} 17. e5 $1 bxc3 18. Nxc3 Nh5 19. g4 Bf8 $1 {} 20. Qd2 Ng7 21. Nd5 f6 $2 {[#] Black is now going downhill.} (21... Bb7 $11 )22. Rad1 $1 $36 { Hoping for Nxf6+. White is in
control.} fxe5 23. f5 {[#] Black must now prevent Bg5.} Bb7 $146 ({Not} 23... gxf5 $2 24. Bg5 $18 )(23... Be7 $16 {keeps fighting.} )({Predecessor:} 23... Be7 24. Nxe7+ Qxe7 25. Bg5 Nf6 26. Qd6 Qxd6 27. Rxd6 Nd7 28. Bd5+ Kh8 29. f6 Rb6 30. Bh6 Ne6 31. f7 Re7 32. Rxb6 {1-0 (32) Skatchkov,P (2485)-Bibko,I (2336)
Tomsk 2002} )24. Bg5 Qc8 25. Rf1 gxf5 26. gxf5 {Strongly threatening f6.} Kh8 27. f6 Ne6 28. f7 Rd8 {[#]} 29. Nb6 $1 { Discovered Attack,
Deflection} Nxb6 30. Bf6+ { Double Attack} Bg7 31. Qxd8+ Qxd8 32. Bxd8 ({Don't take} 32. Rxd8+ Rxd8 33. Bxd8 Bxg2 $16 )Bxg2 33. Kxg2 {Threatens
to win with Rf6!} Nf8 34. Be7 { White has strong compensation.} Nbd7 35. Rd6 e4 (35... a5 $16 {was worth a try.} 36. Kf3 Rb7 37. Bxf8 Nxf8 )36. Re1 Bd4 (36... Rb7 $16 {is a better defense.} 37. Rxe4 Ne5 )37. Rxe4 $18 {And now
Bxf8 would win.} Kg7 38. Rxa6 Kxf7 {next ...Re8 is good for Black.} 39. Bd6 Rc8 (39... Rd8 $142 40. Re7+ Kg8 )40. Re7+ Kg8 41. Ra7 Nf6 42. Rg7+ Kh8 {With the
idea ...Ne8.} 43. Rgb7 Ne4 {[#]} 44. Rb8 $1 Nxd6 45. Rxc8 Nxc8 46. Ra8 Nd6 $2 (46... Kg7 47. Rxc8 Ne6 )47. Rxf8+ Kg7 48. Ra8 Bc3 49. a4 Nb7 50. Ra7 {Weighted
Error Value: White=0.05/Black=0.48} 1-0

[Event "GCT Croatia Rapid 2021"]
[White "Mamedyarov,Shakhriyar"]
[Black "Korobov,Anton"]
[Site "Zagreb"]
[Round "3.1"]
[Annotator "TA"]
[Result "1/2-1/2"]
[Date "2021.07.07"]
[WhiteElo "2782"]
[BlackElo "2683"]
[PlyCount "41"]

1. d4 {} Nf6 2. c4 e6 3. Nc3 Bb4 4. Qc2 0-0 5. e4 d5 6. e5 Ne4 7. Bd3 c5 8. Nf3 {
E32: Nimzo-Indian: Classical (4 Qc2): 4...0-0.} cxd4 9. Nxd4 Nd7 10. Bf4 Qh4 11. g3 Qh5 12. 0-0 Bxc3 13. bxc3 g5 $1 {} 14. Bc1 Nxe5 15. Be2 Qh3 {[#]} 16. f3 $146 ({Predecessor:} 16. cxd5 exd5 17. f3 Nxg3 18. hxg3 Qxg3+ 19. Kh1 Qh3+ {1/2-1/2 (19) Shtembuliak,E (2600)-Kryvoruchko,Y (2675) Lutsk 2019} )Nxg3 17. hxg3 Qxg3+ 18. Kh1 Qh3+ 19. Kg1 {[#] aiming for Rf2.} Qg3+ ({
Of course not} 19... dxc4 $6 20. Rf2 $16 )20. Kh1 Qh3+ { Black has
compensation.} (20... Kh8 $5 {} 21. Bd1 Qh3+ { Double
Attack} 22. Kg1 Nxc4 $11 )21. Kg1 {An uneventful encounter.  Weighted Error
Value: White=0.00/Black=0.02} 1/2-1/2

[Event "GCT Croatia Rapid 2021"]
[White "Anand,Viswanathan"]
[Black "Nepomniachtchi,Ian"]
[Site "Zagreb"]
[Round "3.2"]
[Annotator "TA"]
[Result "1/2-1/2"]
[Date "2021.07.07"]
[WhiteElo "2753"]
[BlackElo "2792"]
[PlyCount "53"]

1. e4 {} c5 2. Nf3 e6 3. d4 cxd4 4. Nxd4 Nc6 5. Nc3 a6 6. Nxc6 bxc6 7. Bd3 d5 8. 0-0 Nf6 9. Re1 Be7 10. e5 Nd7 11. Qg4 g6 12. Na4 {
B46: Sicilian: Taimanov: 5 Nc3 a6.} h5 {The position is equal.} 13. Qe2 c5 {
[#] Strongly threatening ...c4.} 14. c4 {cxd5 is the strong threat.} d4 15. b3 Qc7 16. Be4 Rb8 {[#]} 17. f4 $146 ({Predecessor:} 17. Bf3 Bb7 18. Bxb7 Rxb7 19. Qe4 0-0 20. Bh6 Rfb8 21. Rad1 Kh7 22. Bd2 Kg7 23. Nb2 a5 24. Re2 Ra7 25. Be1 Rc8 26. Rb1 Qb7 27. Qd3 Rb8 28. Na4 Nb6 {1/2-1/2 (28) Keber,E (2145)-Kasper,M 
(2108) ICCF email 2013} )Bb7 18. Bd2 Kf8 19. Nb2 Kg7 20. Bxb7 Rxb7 21. Nd3 a5 22. Qf3 a4 23. bxa4 Nb6 24. Nb2 Nd7 25. Nd3 Nb6 26. Nb2 Nd7 27. Nd3 {
Not much happened in this game.  Weighted Error Value: White=0.03/Black=0.03} 1/2-1/2

[Event "GCT Croatia Rapid 2021"]
[White "Grischuk,Alexander"]
[Black "Vachier-Lagrave,Maxime"]
[Site "Zagreb"]
[Round "3.3"]
[Annotator "TA"]
[Result "1/2-1/2"]
[Date "2021.07.07"]
[WhiteElo "2778"]
[BlackElo "2749"]
[PlyCount "48"]

1. d4 {} Nf6 2. c4 g6 3. Nc3 d5 4. cxd5 Nxd5 5. e4 Nxc3 6. bxc3 Bg7 7. Nf3 c5 8. Rb1 0-0 9. Be2 cxd4 10. cxd4 Qa5+ 11. Bd2 Qxa2 12. 0-0 Bg4 (12... b6 $11 )13. Rxb7 {13.Be3 is setting a new trend. D85: Exchange Grünfeld: Unusual White 7th
moves and lines with 7 Nf3.} Bxf3 14. Bxf3 {[#] Strongly threatening e5.} Bxd4 15. e5 {White is slightly better.} Na6 {
} 16. Rxe7 Rad8 17. e6 fxe6 {[#] And now ...Bc5 would win.} 18. Qe1 {[#]
aiming for Bc3.} Nc5 $146 ({Predecessor:} 18... Bf6 19. Rxa7 Rxd2 20. Rxa6 Qxa6 21. Qxd2 Qb6 22. g3 Bd4 23. Qe2 Rf6 24. Kg2 Qb2 25. Qxb2 Bxb2 {1/2-1/2 (44)
Grischuk,A (2776)-Vachier Lagrave,M (2760) Bucharest 2021} )19. Bc3 {Threatens
to win with Bxd4.} Nd3 20. Bxd4 $1 Nxe1 21. Rg7+ Kh8 22. Rd7+ {The position is
equal.} Kg8 ({Avoid the trap} 22... e5 $2 23. Bxe5+ Rf6 24. Bxf6+ Kg8 25. Rxd8+ $18 )23. Rg7+ Kh8 24. Rd7+ Kg8 {A rather calm draw.  Weighted Error Value:
White=0.04/Black=0.08} ({Wrong is} 24... e5 $2 25. Bxe5+ Rf6 26. Bxf6+ Kg8 27. Rxd8+ $18 )1/2-1/2